MDQL
is popping MORE tags! Check the
thread
!
Quizzes
Events
Quiz Creation
Community
Videos
Private Events
Remove Ads
Sign In
Join for FREE
Feedback
Dark Mode
Quiz Categories
Sports
Geography
Music
Movies
Television
Just For Fun
Miscellaneous
History
Literature
Language
Science
Gaming
Entertainment
Religion
Holiday
For Kids
Quiz Lab
Recent
Popular Today
Quiz Kudos Today
Editor Picks
Curator Picks
Quizzes by...
Day
Popularity
Type
Ratings
Length
Year
Community
Subscriptions
Recent Discussions
Orange Saloon
Badges
Playlists
Quests
Create
Leaderboards
Showdown
Live 5
Trivia Bingo
Activity
Puzzle Library
Sporcle Events
Private Events
Virtual Trivia
Globe League
Become a Host
Pub Owners
SporcleCon
Opinionation
Our Games
Videos
Blog
Mobile Apps
Partnerships
Remove Ads and Go Orange
Feedback
Science
Computer
Plants
Astronomy
Chemistry
Elements
Math
Animal
Physics
Anatomy
Biology
Geology
General Science
Science
Computer
Plants
Astronomy
Chemistry
Elements
Math
Animal
Physics
Anatomy
Biology
Geology
General Science
Random Quiz
Search Sporcle
×
Quiz Lab
Quiz Lab
Science
genetic
Type in answers that appear in a list
Type in answers that appear in a list
Classic
Best Score? Go Orange.
Genetics Review Stats
Can you name the Genetics Review?
By
kwendt1992
10m
37 Questions
9 Plays
9 Plays
9 Plays
Comments
Comments
Give Quiz Kudos
Give Quiz Kudos
-
- Ratings
hide this ad
Random Order
Randomize order of answers
Randomize order of answers
Replay
Link that replays current quiz
Next Quiz
Link to next quiz in quiz playlist
You Got
0%
They Got
Avg Score
60%
Avg Friend Score
Upgrade to see
Score Distribution
Jump to the score distribution portion of the page
Score
0/37
Timer
10:00
0
Plays Today
Hint
Answer
% Correct
1. the cell formed by the union of the two gametes 2. an individual from the time of the fertilization until death
Zygote
88.9%
the fundamental physical and fuctional unit of heredity
Gene
77.8%
one-
half of the diploid number of chromosomes for a given species, as found in the germ cells
Haploid
77.8%
young cattle
Calf
77.8%
young male horse
Colt
77.8%
mature female horse
Mare
77.8%
young horse of either sex
Foal
77.8%
mature female pig
Sow
77.8%
the place on a chromosome where a gene is located
Locus
66.7%
a process in which a cell divides to produce two daughter cells, each of which contains the same chromosome complement as the mother cell from which they came
Mitosis
66.7%
male and female reproduction cells, the sperm and the egg
Gamete
66.7%
a term designating an individual that possesses unlike genes for a particular trait
Heterozygous
66.7%
rectal temp: 102.3, gestation length: 150 days, lifespan: 8 years, herding instinct: very strong
Sheep
66.7%
mature male sheep
Ram
66.7%
young sheep
Lamb
66.7%
mature female cattle
Cow
66.7%
rectal temp: 100, gestation length: 336 days, lifespan: 25 years, herding instinct: weak to moderate
Horse
66.7%
mature male horse
Stallion
66.7%
rectal temp: 102.5, gestation length: 114 days, lifespan: 4-
10 years, herding instinct: weak to moderate
Pig
66.7%
Hint
Answer
% Correct
mature male pig
Boar
66.7%
genes occupying corresponding loci in homologous chromosomes that affect the same heredity trait but in different ways
Allele
55.6%
a special type of cell nuclear division that is undergone in the production of gametes. As a result of meiosis, each gamete carries half the number of chromosomes of a typical body
Meiosis
55.6%
a term designating an individual whose genes for a particular trait are alike
Homozygous
55.6%
mature female sheep
Ewe
55.6%
rectal temp: 101.5, gestation length: 283 days, lifespan: 14 years, herding instinct: strong
Cattle
55.6%
mature male cattle
Bull
55.6%
young female horse
Filly
55.6%
the self-
replicating genetic structure of cells containing the cellular DNA that bears in its nucleotide sequence the linear array of genes
Chromosome
44.4%
having the normal, paired chromosomes of somatic tissue as produced by the doubling of the primary chromosomes of the germ cells at fertilization
Diploid
44.4%
potential for genetic variation due to independent assortment, gamete selection, etc.
Mendelian Sampling
44.4%
castrated male horse
Gelding
44.4%
castrated male pig
Barrow
44.4%
young female pig
Gilt
44.4%
corresponding in type of structure and derived from a common primitive origin
Homologous
33.3%
castrated male sheep
Wether
33.3%
castrated male cattle
Steer
33.3%
young female cattle
Heifer
33.3%
Quiz Playlist
Details
Report
Send in Message
Add To Playlist
Classic:
Type in answers that appear in a list
Random Order:
Randomize order of answers
Last Updated: Feb 16, 2017
Quiz Scoreboard
CHALLENGE
Sign Up to Join the Scoreboard
Show All
Scores
Hide
Comments
May contain spoilers
Recently Published
Find the 'City' Movie
by crazypaving
Movies
60s
5x2 Blitz: Bands
by SL_Kpop136
Music
30s
Colored Red Africa Blitz
by spor1
Geography
30s
More to Explore
Quiz From the Vault
Featured Blog Post
14 Easter Pick-up Lines to Find Eggs With
hide this ad
You Might Also Like...
Tags
genetic
Review
Today's Top Quizzes in Science
Browse Science
hide this ad
Top Contributed Quizzes in Science
1
Windmill: Elements
2
Glycolysis
3
Square Numbers Scrambled (1-50)
4
17 TIMES TABLE
5
Elements In Images
6
Astronomy Spelling Bee
7
The First 100 Digits of Pi
8
3-letter Elementary Words
9
'C' Flowers II
10
Multiplication 12-19
Explore More
Trending Topics
Harry Potter
Crossword
Anime
NBA
Kpop
Marvel
Disney
Song
WWE
The Office
Country
Pokémon
NFL
Soccer
Puzzle
hide this ad
More By:
kwendt1992
Quiz
Plays
Rating
Category
Featured
Created
Political Science Review
19
Science
Apr 26, 2012
Animal Science Review
19
Just For Fun
Mar 4, 2012
Genetics Review
9
Science
Feb 12, 2012
Go to Creator's Profile
Score Distribution
Quiz Creator Spotlight
kwendt1992
Follow
Send a Message
Quizzes Created
-
Created Quiz Play Count
-
More By This Creator
Popular Quizzes Today
1
Colored Red Africa Blitz
2
Find the 'City' Movie
3
Find the US States - No Outlines Minefield
4
5x2 Blitz: Bands
5
The Countries of the World
6
Find the US States
7
US States
8
Find the Countries of Europe - No Outlines Minefield
More Science Quizzes
Mechanical Physics Definitions
Quiz Lab
Trending Quizzes
Colored Red Europe Blitz I
Colored Red Europe Blitz II
Colored Red Africa Blitz II
Colored Red Europe Blitz III
Colored Red Africa Blitz III
Recently Updated
How Do You Spell That?
pecheneg
Godzilla Movies
pecheneg
Grab Bag: 4-10 Letters
pecheneg
2024 March Madness Bracket
pecheneg
Famous TV Couples
Peacemaker
Champions League XIs: Real Madrid
pecheneg
Largest US Cities 1790-2010
pecheneg
Rides in Walt Disney World
pecheneg
Most Oscar Losses (Acting)
pecheneg
Beyoncé Albums
pecheneg
Trending Topics
NBA
Kpop
Anime
Harry Potter
Marvel
Disney
Crossword
WWE
NFL
Soccer
Pokémon
The Office
Puzzle
Song
Country
Your Account Isn't Verified!
In order to create a playlist on Sporcle, you need to verify the email address you used during registration. Go to your
Sporcle Settings
to finish the process.
Report this User
Report this user for behavior that violates our
Community Guidelines
.
Details:
Send Report
Go to the Sporcle.com Mobile Site →
Comments